00658nam a2200205Ia 4500003000900000008004100009020001800050040001600068080001700084100002700101245004700128260004800175300001500223650001900238650001900257650002500276942000700301999001700308952012700325IN-BaIIA211028s9999 xx 000 0 eng d a0-521-80349-7 cIIA Library a530.145bGRI aGriffiths, R. B925967 0aConsistent quantum theorycR. B. Griffiths aCambridgebCambridge University Pressc2002 axvi, 391p. aDynamics91519 aQuantum theory aWave mechanics91560 cBK c14593d14593 00104070aBANbBANcGENd2002-04-18g4517.50l0o530.145/ GRIp15515r2021-11-05v4517.50w2002-04-18yBKGRs. 4517.50